| 000 | 00498nam a2200217Ia 4500 | ||
|---|---|---|---|
| 008 | 210210b1953 xxu||||| |||| 00| 0 eng d | ||
| 041 | _aeng | ||
| 082 | _a539/12 | ||
| 100 | _aBURGHARDT (Henry D) | ||
| 245 | _aMachine tool operation part I | ||
| 260 |
_aLondon _bMcGraw Hill Book Company _c1953 |
||
| 300 | _a585 | ||
| 650 | _atool | ||
| 650 | _apart | ||
| 650 | _aoperation | ||
| 650 | _aMachine | ||
| 650 | _aI | ||
| 690 | _aPhysics | ||
| 700 | _aAXELROD (Aaron) | ||
| 906 | _a009028 | ||
| 999 |
_c127775 _d127775 |
||